Correlation between real interest rates and output in a dynamic international model evidence from G-7 countries
Saved in:
| Main Author: | |
|---|---|
| Format: | Book |
| Language: | English |
| Published: |
Washington
IMF
1998
|
| Series: | IMF working paper
WP/98/179 |
| Subjects: | |
| Tags: |
No Tags, Be the first to tag this record!
|
MARC
| LEADER | 00000nam a2200000 4500 | ||
|---|---|---|---|
| 001 | c108752 | ||
| 005 | 20221221081909.1 | ||
| 041 | 0 | |a eng | |
| 044 | |a US | ||
| 245 | 1 | 0 | |a Correlation between real interest rates and output in a dynamic international model |b evidence from G-7 countries |c Prepared by Jahanara Begum |
| 264 | 1 | |a Washington |b IMF |c 1998 | |
| 300 | |a 43 s. | ||
| 490 | 1 | |a IMF working paper |v WP/98/179 | |
| 830 | 0 | |a IMF working paper |v WP/98/179 | |
| 610 | 2 | 0 | |a náklady |
| 610 | 2 | 0 | |a adaptácia |
| 610 | 2 | 0 | |a miera úroková |
| 610 | 2 | 0 | |a modely rovnováhy |
| 610 | 2 | 0 | |a modely dynamické |
| 610 | 2 | 0 | |a štatistika |
| 610 | 2 | 0 | |a korelácia |
| 610 | 2 | 0 | |a benchmarking |
| 610 | 2 | 0 | |a G-7 |
| 100 | 1 | |a Begum, Jahanara | |